LEADER 00794nam a2200181 i 4500 001 000000057584 003 CaOOAMICUS 005 19971013000000.0 008 971013n it u000 u ita u 013 $a28756 040 $aSeMil$bita 100 1 $aCorti, Renato,$c.$0(OLS)http://semarc/name/16279 245 12$aA immagine di Cristo :$bla vita secondo lo Spirito : lettera pastorale per l'Anno 1997. 650 4$aVescovi novaresi - Lettere pastorali.$0(OLS)http://semarc/subject/9619 850 $aSeMil 852 $aSeMil$W1$xVenegono$y1$m2F I 312$j23738$B23738$CSeMilBibl$Z2$F23740 $81 961 $aOmaggio: Rimoldi mons. Antonio 996 $6245$aA immagine di Cristo :$bla vita secondo lo Spirito : lettera pastorale per l'Anno 1997$9(OLS)http://semarc/title/89636